blue (yung kai) - lyrics - Statistics

General Stats
  • This quiz has been taken 24 times
  • The average score is 139 of 180
Answer Stats
type % Correct
i
100%
you
93%
a
86%
and
86%
be
86%
by
86%
could
86%
eyes
86%
like
86%
love
86%
morning
86%
stare
86%
stars
86%
watching
86%
we
86%
with
86%
your
86%
all
79%
fell
79%
forever
79%
hand
79%
heart
79%
if
79%
i'll
79%
imagine
79%
in
79%
me
79%
mind
79%
mine
79%
moonlight
79%
picture
79%
skies
79%
so
79%
tell
79%
that
79%
the
79%
think
79%
thought
79%
to
79%
tonight
79%
took
79%
us
79%
walk
79%
will
79%
without
79%
would
79%
you'd
79%
face
71%
fly
71%
leave
71%
let
71%
life
71%
my
71%
nap
71%
ocean's
71%
on
71%
this
71%
under
71%
want
71%
waves
71%
you're
71%
air
64%
keep
64%
know
64%
always
57%
colours
57%
don't
57%
it
57%
safe
57%
stay
57%
worry
57%
thing
50%
it's
43%
more
43%
bring
29%
go
29%
promise
29%
stuck
29%
trust
29%
universe
29%
won't
29%
No matching quizzes found
Score Distribution
Percent of People with Each Score
Percentile by Number Answered
Your Score History
You have not taken this quiz